000
00284nam a22001337a 4500
008
170627b xxu||||| |||| 00| 0 eng d
020
_a
9781269780988
041
_a
eng
080
_a
821
100
_a
21
101
_a
GJL
245
_a
SPANISH
_c
ASBURY UNIVERSITY
942
_2
udc
_c
BK
999
_c
19293
_d
19293